[Event "Benidorm op-A"]
[Site "Benidorm"]
[Date "2024.10.29"]
[Round "3"]
[White "Beneyto De Ramon, Guillermo"]
[Black "Ibanez Aullana, Jose Ramon"]
[Result "0-1"]
[WhiteElo "1993"]
[BlackElo "2270"]
[PlyCount "123"]
[EventDate "2024.10.27"]
[EventType "swiss"]
[EventRounds "9"]
[EventCountry "ESP"]
[SourceTitle "CB45_2024"]
[Source "ChessBase"]
[SourceDate "2024.11.06"]
[SourceVersion "1"]
[SourceVersionDate "2024.11.06"]
[SourceQuality "1"]

1. d4 Nf6 2. c4 b6 3. Nc3 Bb7 4. f3 d6 5. e4 e5 6. d5 Be7 7. Be3 a5 8. Bd3 h5 9. Nge2 Bc8 10. Qd2 Nbd7 11. Ng3 g6 12. Nge2 h4 13. 0-0-0 Nc5 14. Bc2 Nh7 15. g3 Ng5 16. Rdf1 Bh3 17. Rf2 Bd7 18. Rff1 Nh3 19. f4 Bg4 20. fxe5 dxe5 21. Ng1 Ng5 22. gxh4 Nh3 23. Nf3 Bxf3 24. Rxf3 Rxh4 25. Rhf1 Nf4 26. Kb1 g5 27. Bxf4 gxf4 28. Rg1 Rh8 29. Qg2 Bd6 30. Rh3 Qf6 31. Rxh8+ Qxh8 32. Qg8+ Ke7 33. Qg5+ Qf6 34. Qg4 Rh8 35. h3 Rh6 36. Ne2 Rg6 37. Qf3 Nd7 38. Ba4 Rxg1+ 39. Nxg1 Nc5 40. Bc2 Qh4 41. Qf1 Nd7 42. Bd1 Qg3 43. Bf3 Bc5 44. Ne2 Qh4 45. Kc2 Nf6 46. a3 Nh7 47. Kd3 Ng5 48. Qg2 Nxh3 49. Nc3 Qg3 50. Nb5 Ng5 51. Ke2 Qxg2+ 52. Bxg2 Bd6 53. a4 f5 54. exf5 e4 55. Bf1 Kf6 56. Nxd6 cxd6 57. Kf2 Kxf5 58. Kg1 Ke5 59. Kf2 Kd4 60. Ke1 Nf3+ 61. Kd1 Ne5 62. Ke1 0-1

[Event "ESP-ch U14 rapid"]
[Site "Salobrena"]
[Date "2024.07.21"]
[Round "6"]
[White "Beneyto De Ramon, Guillermo"]
[Black "Ordiz Fernandez, Roque"]
[Result "0-1"]
[WhiteElo "1939"]
[BlackElo "1972"]
[PlyCount "66"]
[EventDate "2024.07.20"]
[EventType "swiss (rapid)"]
[EventRounds "9"]
[EventCountry "ESP"]
[SourceTitle "CBM 221 Extra"]
[Source "ChessBase"]
[SourceDate "2024.09.30"]
[SourceVersion "1"]
[SourceVersionDate "2024.09.30"]
[SourceQuality "1"]

1. d4 Nf6 2. c4 d6 3. Nc3 e5 4. d5 g6 5. e4 Bg7 6. h3 0-0 7. Be3 a5 8. Qc2 Na6 9. g4 Nc5 10. f3 c6 11. Nge2 cxd5 12. cxd5 Bd7 13. Ng3 Ne8 14. Be2 a4 15. 0-0 Qh4 16. Bf2 Qd8 17. Kg2 Bh6 18. Rh1 f5 19. Bd3 fxe4 20. Ncxe4 Rc8 21. Nxc5 dxc5 22. Rad1 Qf6 23. Be4 Nd6 24. h4 Bxg4 25. fxg4 Nxe4 26. Nxe4 Qf3+ 27. Kh2 Rf4 28. Rde1 Rxg4 29. Bg3 Bf4 30. Qg2 Rxh4+ 31. Kg1 Be3+ 32. Nf2 Bxf2+ 33. Kf1 Rxh1+ 0-1

[Event "ESP-ch U14"]
[Site "Salobrena"]
[Date "2024.07.20"]
[Round "9"]
[White "Beneyto De Ramon, Guillermo"]
[Black "Krauchi Romero, Martin"]
[Result "1/2-1/2"]
[WhiteElo "1972"]
[BlackElo "2131"]
[PlyCount "51"]
[EventDate "2024.07.15"]
[EventType "swiss"]
[EventRounds "9"]
[EventCountry "ESP"]
[SourceTitle "EXT 2025"]
[Source "ChessBase"]
[SourceDate "2024.10.14"]
[SourceVersion "1"]
[SourceVersionDate "2024.10.14"]
[SourceQuality "1"]

1. d4 Nf6 2. c4 e6 3. Nc3 Bb4 4. a3 Bxc3+ 5. bxc3 Nc6 6. f3 b6 7. e4 Ba6 8. Bd3 Na5 9. e5 Ng8 10. Qe2 Ne7 11. Bg5 d6 12. f4 c5 13. Nf3 cxd4 14. cxd4 dxe5 15. dxe5 Qc7 16. 0-0 Nf5 17. Rac1 h6 18. Bxf5 exf5 19. e6 Qc5+ 20. Kh1 f6 21. Bh4 Bxc4 22. Qd1 0-0 23. Re1 Rfe8 24. Nd2 b5 25. Qh5 Qxa3 26. Bxf6 1/2-1/2

[Event "ESP-ch U14 rapid"]
[Site "Salobrena"]
[Date "2024.07.20"]
[Round "3"]
[White "Beneyto De Ramon, Guillermo"]
[Black "Vilarino Lorenzo, Uxio"]
[Result "1/2-1/2"]
[WhiteElo "1939"]
[BlackElo "1807"]
[PlyCount "82"]
[EventDate "2024.07.20"]
[EventType "swiss (rapid)"]
[EventRounds "9"]
[EventCountry "ESP"]
[SourceTitle "CBM 221 Extra"]
[Source "ChessBase"]
[SourceDate "2024.09.30"]
[SourceVersion "1"]
[SourceVersionDate "2024.09.30"]
[SourceQuality "1"]

1. c4 e5 2. Nc3 Nc6 3. g3 g6 4. Bg2 Bg7 5. d3 d6 6. Nf3 f5 7. Bg5 Nf6 8. Rb1 a5 9. a3 h6 10. Bxf6 Qxf6 11. Nd5 Qf7 12. 0-0 0-0 13. b4 axb4 14. axb4 g5 15. b5 Nd8 16. Nd2 Ne6 17. Kh1 Qh5 18. Ne7+ Kh7 19. Nxc8 Raxc8 20. Bxb7 Rb8 21. Bd5 Nc5 22. e4 Qxd1 23. Rbxd1 f4 24. Nb1 fxg3 25. fxg3 Nxd3 26. Kg2 Nb4 27. Nc3 Nc2 28. Rxf8 Rxf8 29. Rc1 Ne3+ 30. Kg1 h5 31. Be6 g4 32. Nd5 Bh6 33. Ra1 Nxd5 34. cxd5 Be3+ 35. Kh1 Bd4 36. Rc1 Kh6 37. Bf5 Bb6 38. Ra1 Rb8 39. Kg2 Bd4 40. Ra5 Bc3 41. Ra3 Bd4 1/2-1/2

[Event "ESP-ch U14"]
[Site "Salobrena"]
[Date "2024.07.15"]
[Round "2"]
[White "Herrero Pena, Laura"]
[Black "Beneyto De Ramon, Guillermo"]
[Result "0-1"]
[WhiteElo "1794"]
[BlackElo "1972"]
[PlyCount "54"]
[EventDate "2024.07.15"]
[EventType "swiss"]
[EventRounds "9"]
[EventCountry "ESP"]
[SourceTitle "EXT 2025"]
[Source "ChessBase"]
[SourceDate "2024.10.14"]
[SourceVersion "1"]
[SourceVersionDate "2024.10.14"]
[SourceQuality "1"]

1. e4 c5 2. Nf3 Nc6 3. d4 cxd4 4. Nxd4 e5 5. Nb5 d6 6. c4 g6 7. N1c3 a6 8. Na3 Bg7 9. Nc2 Nge7 10. g3 Nd4 11. Nxd4 exd4 12. Ne2 Nc6 13. a3 Bg4 14. Qb3 d3 15. Qxd3 Ne5 16. Qb3 Bf3 17. Rg1 Bxe4 18. Nd4 0-0 19. f3 Nc6 20. Nxc6 Bxc6 21. Bf4 Re8+ 22. Kd2 Qa5+ 23. Kd3 d5 24. Qb4 dxc4+ 25. Kc2 Ba4+ 26. Kd2 Rad8+ 27. Kc1 Rd1# 0-1

[Event "ESP-ch U12 Rapid"]
[Site "Salobrena"]
[Date "2022.07.16"]
[Round "1"]
[White "Jove Albaiges, Guillem"]
[Black "Beneyto De Ramon, Guillermo"]
[Result "1-0"]
[WhiteElo "1623"]
[BlackElo "1236"]
[PlyCount "111"]
[EventDate "2022.07.09"]
[EventType "swiss (rapid)"]
[EventRounds "9"]
[EventCountry "ESP"]
[SourceTitle "EXT 2023"]
[Source "ChessBase"]
[SourceDate "2022.10.05"]
[SourceVersion "1"]
[SourceVersionDate "2022.10.05"]
[SourceQuality "1"]

1. d4 d5 2. c4 e6 3. Nc3 c5 4. cxd5 exd5 5. dxc5 d4 6. Ne4 Bf5 7. Ng3 Bg6 8. Nf3 Bxc5 9. Bd2 Nf6 10. Rc1 Bb6 11. e3 dxe3 12. Bb5+ Nbd7 13. Bxe3 Bxe3 14. Bxd7+ Nxd7 15. fxe3 0-0 16. 0-0 Qe7 17. Re1 Rac8 18. Qd2 Ne5 19. Nxe5 Qxe5 20. Red1 h6 21. Rxc8 Rxc8 22. Rc1 Rxc1+ 23. Qxc1 Qe6 24. b3 Qc6 25. Qxc6 bxc6 26. e4 Kf8 27. Kf2 Ke7 28. Ke3 f6 29. Kd4 Kd6 30. b4 Bh7 31. Nh5 g5 32. Nxf6 Bg6 33. Ng4 Bf7 34. a3 h5 35. Ne3 g4 36. g3 Bg6 37. Nf5+ Ke6 38. Nh4 Bh7 39. Ng2 Bg8 40. Nf4+ Kd6 41. Nxh5 Be6 42. Ng7 Bf7 43. Nf5+ Ke6 44. Ne3 Bh5 45. Nc4 Be8 46. e5 Bg6 47. Nd6 Bc2 48. Ne4 Bd1 49. Nc5+ Ke7 50. e6 Bf3 51. Ke5 Bd5 52. Kf5 Bf3 53. Nd3 Bd5 54. Nf4 Bf3 55. Ke5 Bd5 56. Nxd5+ 1-0

[Event "ESP-ch U12"]
[Site "Salobrena"]
[Date "2022.07.13"]
[Round "4"]
[White "Beneyto De Ramon, Guillermo"]
[Black "Ilinca Ilinca, Felix Antonio"]
[Result "0-1"]
[WhiteElo "1777"]
[BlackElo "2162"]
[PlyCount "70"]
[EventDate "2022.07.04"]
[EventType "swiss"]
[EventRounds "9"]
[EventCountry "ESP"]
[SourceTitle "EXT 2023"]
[Source "ChessBase"]
[SourceDate "2022.10.05"]
[SourceVersion "1"]
[SourceVersionDate "2022.10.05"]
[SourceQuality "1"]

1. d4 d5 2. c4 e6 3. Nc3 Bb4 4. Nf3 Nf6 5. Bf4 dxc4 6. e3 Nd5 7. Rc1 b5 8. Be2 Nxf4 9. exf4 a6 10. 0-0 0-0 11. b3 cxb3 12. Qxb3 Bd6 13. Ne5 Bb7 14. Bg4 Nc6 15. Rcd1 Kh8 16. h3 Na5 17. Qc2 b4 18. Ne2 Bd5 19. f5 f6 20. fxe6 fxe5 21. dxe5 Be7 22. Bf5 c6 23. Bxh7 Qc8 24. f4 b3 25. Qd3 Bc4 26. Qe4 Bxe2 27. Qxe2 Kxh7 28. Qh5+ Kg8 29. f5 Ra7 30. f6 Qxe6 31. fxe7 Rxf1+ 32. Rxf1 Rxe7 33. axb3 Nxb3 34. Qd1 Qd5 35. Qg4 Qd4+ 0-1

[Event "ESP-ch U12"]
[Site "Salobrena"]
[Date "2021.07.09"]
[Round "8"]
[White "Beneyto De Ramon, Guillermo"]
[Black "Camps Abadia, Arnau"]
[Result "0-1"]
[WhiteElo "1461"]
[BlackElo "1261"]
[PlyCount "62"]
[EventDate "2021.07.05"]
[EventType "swiss"]
[EventRounds "9"]
[EventCountry "ESP"]
[SourceTitle "EXT 2022"]
[Source "ChessBase"]
[SourceDate "2021.10.06"]
[SourceVersion "1"]
[SourceVersionDate "2021.10.06"]
[SourceQuality "1"]

1. c4 e5 2. Nc3 d6 3. g3 f5 4. Bg2 Nf6 5. d3 Be7 6. Bg5 0-0 7. Bxf6 Bxf6 8. Nf3 c6 9. 0-0 Be6 10. Rb1 Kh8 11. e3 d5 12. cxd5 cxd5 13. d4 e4 14. Nd2 Qe8 15. Ne2 g5 16. Re1 Nc6 17. a3 a5 18. Nc3 f4 19. Nb5 Qd7 20. Nxe4 dxe4 21. Bxe4 Ne7 22. Nc3 Bf5 23. Bxf5 Nxf5 24. Na4 Rad8 25. Nc5 Qc6 26. Qb3 fxe3 27. Ne6 exf2+ 28. Kxf2 Bxd4+ 29. Ke2 Qg2+ 30. Kd3 Qf3+ 31. Kc2 Rc8+ 0-1

[Event "ESP-ch U12"]
[Site "Salobrena"]
[Date "2021.07.07"]
[Round "4"]
[White "Beneyto De Ramon, Guillermo"]
[Black "Uber Gracia, Hugo"]
[Result "0-1"]
[WhiteElo "1461"]
[BlackElo "1791"]
[PlyCount "52"]
[EventDate "2021.07.05"]
[EventType "swiss"]
[EventRounds "9"]
[EventCountry "ESP"]
[SourceTitle "EXT 2022"]
[Source "ChessBase"]
[SourceDate "2021.10.06"]
[SourceVersion "1"]
[SourceVersionDate "2021.10.06"]
[SourceQuality "1"]

1. Nf3 Nf6 2. g3 g6 3. Bg2 Bg7 4. c4 d5 5. cxd5 Nxd5 6. Nc3 0-0 7. 0-0 e5 8. Nxd5 Qxd5 9. d3 Nc6 10. Ng5 Qd6 11. Ne4 Qe7 12. Be3 Nd4 13. Bd2 Bg4 14. f3 Be6 15. f4 Bg4 16. Nc3 exf4 17. Bxf4 Nxe2+ 18. Nxe2 Bxe2 19. Re1 Qc5+ 20. d4 Bxd4+ 21. Kh1 Bxd1 22. Raxd1 Rfe8 23. b3 Rxe1+ 24. Rxe1 Qc3 25. Rc1 Qb2 26. Rxc7 Re8 0-1

[Event "ESP-ch U12"]
[Site "Salobrena"]
[Date "2021.07.05"]
[Round "2"]
[White "Beneyto De Ramon, Guillermo"]
[Black "Rosado Poveda, Javier"]
[Result "1-0"]
[WhiteElo "1461"]
[BlackElo "1015"]
[PlyCount "91"]
[EventDate "2021.07.05"]
[EventType "swiss"]
[EventRounds "9"]
[EventCountry "ESP"]
[SourceTitle "EXT 2022"]
[Source "ChessBase"]
[SourceDate "2021.10.06"]
[SourceVersion "1"]
[SourceVersionDate "2021.10.06"]
[SourceQuality "1"]

1. c4 e5 2. Nc3 Nf6 3. g3 d5 4. cxd5 Nxd5 5. Bg2 Nb6 6. Nf3 Nc6 7. 0-0 Be7 8. d3 Be6 9. b3 0-0 10. Bb2 Qd7 11. Rc1 Rad8 12. Ne4 f6 13. Nc5 Bxc5 14. Rxc5 e4 15. Ne1 Bh3 16. b4 Bxg2 17. Kxg2 Kh8 18. b5 Qd6 19. Ba3 Ne5 20. Rc3 Qd5 21. Bxf8 Rxf8 22. Kg1 exd3 23. Nxd3 Nxd3 24. Qxd3 Qxd3 25. Rxd3 h6 26. Rc1 Rf7 27. Ra3 Re7 28. e3 Nc8 29. Rac3 Nd6 30. Rxc7 Rxc7 31. Rxc7 Nxb5 32. Rxb7 Nc3 33. Rxa7 Kh7 34. a4 Ne2+ 35. Kf1 Nc3 36. a5 Kg6 37. a6 h5 38. Rb7 Na4 39. a7 Nc5 40. a8Q Nxb7 41. Qxb7 Kh6 42. Qf7 g6 43. Qxf6 Kh7 44. e4 h4 45. gxh4 g5 46. h5 1-0

[Event "ESP-ch U10"]
[Site "Salobrena"]
[Date "2020.07.25"]
[Round "9"]
[White "Beneyto De Ramon, Guillermo"]
[Black "Prada Villagrasa, Pau Manel"]
[Result "0-1"]
[WhiteElo "1164"]
[BlackElo "1632"]
[PlyCount "100"]
[EventDate "2020.07.20"]
[EventType "swiss"]
[EventRounds "9"]
[EventCountry "ESP"]
[SourceTitle "EXT 2021"]
[Source "ChessBase"]
[SourceDate "2020.10.23"]
[SourceVersion "1"]
[SourceVersionDate "2020.10.23"]
[SourceQuality "1"]

1. c4 b6 2. Nf3 Bb7 3. Nc3 e6 4. d4 g6 5. Bg5 f6 6. Bf4 Bg7 7. e4 d6 8. Be3 e5 9. d5 Ne7 10. g3 0-0 11. Qd2 Bc8 12. Bg2 Ba6 13. b3 Nd7 14. Bh6 f5 15. Bxg7 Kxg7 16. Ng5 Nc5 17. b4 h6 18. b5 hxg5 19. bxa6 f4 20. Qe2 Nxa6 21. g4 Nb4 22. Rb1 Na6 23. f3 Nc5 24. h3 Qd7 25. Qc2 a6 26. a4 Ra7 27. Bf1 Rb7 28. Rh2 Rfb8 29. Rh1 Nc8 30. Qf2 Ne7 31. Qc2 Rh8 32. Rh2 Nc8 33. Rh1 Na7 34. Rh2 Rhb8 35. h4 Qe7 36. h5 Rh8 37. Qg2 Rbb8 38. Qc2 gxh5 39. gxh5 Qf7 40. Qg2 Rxh5 41. Rh1 Rbh8 42. Rg1 R8h6 43. Rb2 Qd7 44. Qc2 Kg6 45. Rg2 Rh3 46. Rf2 Rh1 47. Ra2 Nc8 48. Nb1 Ne7 49. Rg2 Qh3 50. Qf2 Nd3+ 0-1

[Event "ESP-ch U10"]
[Site "Salobrena"]
[Date "2020.07.24"]
[Round "7"]
[White "Alonso Gimenez, Mauro"]
[Black "Beneyto De Ramon, Guillermo"]
[Result "1-0"]
[WhiteElo "1284"]
[BlackElo "1164"]
[PlyCount "79"]
[EventDate "2020.07.20"]
[EventType "swiss"]
[EventRounds "9"]
[EventCountry "ESP"]
[SourceTitle "EXT 2021"]
[Source "ChessBase"]
[SourceDate "2020.10.23"]
[SourceVersion "1"]
[SourceVersionDate "2020.10.23"]
[SourceQuality "1"]

1. e4 Nf6 2. Nc3 e5 3. Nf3 Nc6 4. Bb5 Nd4 5. Bc4 Nxf3+ 6. Qxf3 Bc5 7. d3 h6 8. Qg3 Qe7 9. Qxg7 Rg8 10. Qxh6 Bxf2+ 11. Kf1 Ng4 12. Qh7 Nf6 13. Qxf7+ Qxf7 14. Bxf7+ Kxf7 15. Kxf2 c6 16. Rf1 Ke7 17. h4 Ng4+ 18. Kg1 d6 19. Bg5+ Ke8 20. Rf3 Be6 21. Ne2 Kd7 22. Raf1 d5 23. Ng3 d4 24. Nh5 Kd6 25. Nf6 Nxf6 26. Rxf6 c5 27. Rh6 b5 28. Rff6 Rae8 29. Rf7 Ra8 30. Be7+ Kd7 31. Rfh7 Bh3 32. Bg5+ Ke8 33. Re7+ Kd8 34. Rg7+ Kc8 35. Rxg8+ Kb7 36. Rh7+ Bd7 37. Rxa8 Kxa8 38. Rxd7 c4 39. h5 cxd3 40. cxd3 1-0

[Event "ESP-ch U10"]
[Site "Salobrena"]
[Date "2020.07.24"]
[Round "8"]
[White "Najar Arrieta, Oriol"]
[Black "Beneyto De Ramon, Guillermo"]
[Result "0-1"]
[WhiteElo "1246"]
[BlackElo "1164"]
[PlyCount "110"]
[EventDate "2020.07.20"]
[EventType "swiss"]
[EventRounds "9"]
[EventCountry "ESP"]
[SourceTitle "EXT 2021"]
[Source "ChessBase"]
[SourceDate "2020.10.23"]
[SourceVersion "1"]
[SourceVersionDate "2020.10.23"]
[SourceQuality "1"]

1. e4 Nf6 2. Nc3 e5 3. Nf3 Nc6 4. h3 Bc5 5. Bc4 0-0 6. d3 d6 7. Bg5 Be6 8. Nd5 Bxd5 9. Bxd5 h6 10. Bh4 Nb4 11. Bb3 Nc6 12. Qd2 a5 13. a3 a4 14. Ba2 Nd4 15. Nxd4 Bxd4 16. c3 Bb6 17. g4 Nxe4 18. dxe4 Qxh4 19. Rh2 Qf6 20. Qe2 c6 21. h4 Qf4 22. Rh3 g6 23. h5 g5 24. Rg3 Kg7 25. Rd1 f6 26. Rd2 Bc5 27. Kd1 Rad8 28. Kc2 b5 29. Rg2 Ba7 30. Rd3 d5 31. exd5 e4 32. Rd2 cxd5 33. Rxd5 e3 34. fxe3 Qe4+ 35. Qd3 Qxg2+ 36. Kb1 Qg1+ 37. Kc2 Qf2+ 38. Kb1 Qg1+ 39. Kc2 Qf2+ 40. Kb1 Qg1+ 41. Kc2 f5 42. Rxd8 Qg2+ 43. Qd2 Qxd2+ 44. Rxd2 Bxe3 45. Rd7+ Kf6 46. Kd3 f4 47. Rd6+ Kg7 48. Rg6+ Kh7 49. Ke2 f3+ 50. Kf1 Rd8 51. Ke1 f2+ 52. Ke2 Rd1 53. Kxd1 f1Q+ 54. Kc2 Qe2+ 55. Kb1 Qd1# 0-1

[Event "ESP-ch U10"]
[Site "Salobrena"]
[Date "2020.07.23"]
[Round "6"]
[White "Beneyto De Ramon, Guillermo"]
[Black "Prieto Martin, Manuel"]
[Result "1-0"]
[WhiteElo "1164"]
[BlackElo "1268"]
[PlyCount "88"]
[EventDate "2020.07.20"]
[EventType "swiss"]
[EventRounds "9"]
[EventCountry "ESP"]
[SourceTitle "EXT 2021"]
[Source "ChessBase"]
[SourceDate "2020.10.23"]
[SourceVersion "1"]
[SourceVersionDate "2020.10.23"]
[SourceQuality "1"]

1. c4 c5 2. Nc3 Nc6 3. g3 g6 4. Bg2 Bg7 5. Nf3 e6 6. e3 Nge7 7. 0-0 0-0 8. d4 cxd4 9. exd4 d5 10. cxd5 Nxd5 11. Re1 Nc7 12. Bf4 a6 13. a4 Re8 14. Bxc7 Qxc7 15. d5 Nd8 16. d6 Qd7 17. Ne5 Bxe5 18. Rxe5 f6 19. Rc5 Nf7 20. Ne4 Kg7 21. Rc7 Qd8 22. d7 Bxd7 23. Qxd7 Qxd7 24. Rxd7 h6 25. Rxf7+ Kxf7 26. Nd6+ Ke7 27. Nxe8 Kxe8 28. Bxb7 Ra7 29. Bc6+ Ke7 30. Be4 g5 31. Re1 e5 32. Bd5 Kd6 33. Bc4 a5 34. b3 Kd7 35. f4 gxf4 36. gxf4 exf4 37. Rf1 Kd6 38. Rxf4 Ke5 39. Rh4 Rg7+ 40. Kf2 Rg6 41. Rh5+ f5 42. Bd3 Rf6 43. Ke3 Kd6 44. Rxf5 Ke6 1-0

[Event "ESP-ch U10"]
[Site "Salobrena"]
[Date "2020.07.22"]
[Round "4"]
[White "Beneyto De Ramon, Guillermo"]
[Black "Jimenez Freniche, David"]
[Result "1-0"]
[WhiteElo "1164"]
[BlackElo "1564"]
[PlyCount "61"]
[EventDate "2020.07.20"]
[EventType "swiss"]
[EventRounds "9"]
[EventCountry "ESP"]
[SourceTitle "EXT 2021"]
[Source "ChessBase"]
[SourceDate "2020.10.23"]
[SourceVersion "1"]
[SourceVersionDate "2020.10.23"]
[SourceQuality "1"]

1. c4 Nf6 2. Nc3 e6 3. g3 Bc5 4. Bg2 Nc6 5. Nf3 0-0 6. d4 Bb6 7. 0-0 a5 8. c5 Ba7 9. Bg5 h6 10. Bh4 g5 11. Nxg5 hxg5 12. Bxg5 Kg7 13. Ne4 Nxe4 14. Bxd8 Nxg3 15. Bf6+ Kxf6 16. fxg3+ Ke7 17. Qd2 d6 18. Bxc6 bxc6 19. cxd6+ cxd6 20. Rf3 e5 21. e3 Bg4 22. Rf2 Bb6 23. dxe5 dxe5 24. Qc3 f6 25. Raf1 Rac8 26. Qa3+ c5 27. Qb3 Rb8 28. Qc3 c4 29. Rxf6 Bd4 30. Qa3+ Rb4 31. Rxf8 1-0

[Event "ESP-ch U10"]
[Site "Salobrena"]
[Date "2020.07.21"]
[Round "3"]
[White "Marin Ripoll, Marti"]
[Black "Beneyto De Ramon, Guillermo"]
[Result "0-1"]
[WhiteElo "1335"]
[BlackElo "1164"]
[PlyCount "56"]
[EventDate "2020.07.20"]
[EventType "swiss"]
[EventRounds "9"]
[EventCountry "ESP"]
[SourceTitle "EXT 2021"]
[Source "ChessBase"]
[SourceDate "2020.10.23"]
[SourceVersion "1"]
[SourceVersionDate "2020.10.23"]
[SourceQuality "1"]

1. e4 Nf6 2. e5 Nd5 3. d4 d6 4. c4 Nb6 5. f4 dxe5 6. fxe5 Nc6 7. Be3 Bf5 8. Nc3 e6 9. Nf3 Be7 10. Be2 0-0 11. 0-0 f6 12. Qe1 fxe5 13. dxe5 Nb4 14. Rd1 Qe8 15. Qg3 Qg6 16. Qxg6 Bxg6 17. a3 Nc6 18. c5 Nc8 19. Bc4 Bf7 20. Nb5 Bd8 21. Rd7 N8e7 22. Ng5 Nxe5 23. Nxf7 Nxc4 24. Nxd8 Raxd8 25. Rxe7 Nxe3 26. Re1 Rd2 27. g3 Re2 28. Rb1 Rff2 0-1

[Event "ESP-ch U10"]
[Site "Salobrena"]
[Date "2020.07.20"]
[Round "2"]
[White "Beneyto De Ramon, Guillermo"]
[Black "Uber Gracia, Hugo"]
[Result "1/2-1/2"]
[WhiteElo "1164"]
[BlackElo "1469"]
[PlyCount "54"]
[EventDate "2020.07.20"]
[EventType "swiss"]
[EventRounds "9"]
[EventCountry "ESP"]
[SourceTitle "EXT 2021"]
[Source "ChessBase"]
[SourceDate "2020.10.23"]
[SourceVersion "1"]
[SourceVersionDate "2020.10.23"]
[SourceQuality "1"]

1. c4 Nf6 2. Nc3 g6 3. g3 Bg7 4. Bg2 d6 5. d3 e5 6. Bg5 c6 7. Nf3 0-0 8. 0-0 Be6 9. b4 Qd7 10. Bxf6 Bxf6 11. Ne4 Bg7 12. c5 d5 13. Nd6 e4 14. dxe4 Bxa1 15. Qxa1 Na6 16. a3 f6 17. exd5 cxd5 18. e4 b6 19. exd5 Bxd5 20. Ne5 Qe6 21. Bxd5 Qxd5 22. Nd7 bxc5 23. Nxf6+ Rxf6 24. Qxf6 Rf8 25. Qe7 cxb4 26. axb4 Nxb4 27. Ne4 Qd4 1/2-1/2